00651nam a2200217Ia 4500003000900000008004100009040001300050040001300063041000800076100002100084245004000105250001400145260001500159260000900174300001100183300001200194490000600206942000700212999001700219952019700236IT-RoPAU120407s9999 xx 000 0 und d aIT-RoPAU cIT-RoPAU afra aPhilippe Malrieu aLa construction de l’immaginaire. aBruxelles aC. Dessart c1967 a248 p. c18,5 cm v1 cBK c30291d30291 00102ddc406153_50000000000000071aPAULUSbPAULUSd2012-04-11l0o153.5r2012-04-11 00:00:00w2012-04-11yBKzInserito da: Jole In data: 12 settembre 2011 fondo: Via A.Severo 56 Progr:18879